000 00464nam a22001457a 4500
008 210305b ||||| |||| 00| 0 eng d
020 _a978-0-12-804301-1
082 _a360 NAN
100 _aGRUMEZESCU, A. M
245 _aNanobiosensors
_bNanotechnology in the Agri- Food Industry Volume 8
_cAlexandru Mihai Grumezescu
_hEnglish
260 _aLondon
_bElsevier
_c2017
300 _axxix, 896p.;
_bill.,
_c24cm.
650 _2Agri- Food Industry
942 _2ddc
_cBOOKS
999 _c7080
_d7080